معجم تصريف الافعال العربية / (رقم التسجيلة. 97025)
[ عرض عادي ]
| 000 -LEADER | |
|---|---|
| fixed length control field | 009360am a2200229 004500 |
| 003 - CONTROL NUMBER IDENTIFIER | |
| control field | EG-GiCUC |
| 008 - FIXED-LENGTH DATA ELEMENTS--GENERAL INFORMATION | |
| fixed length control field | 070602s1991 le g d 001 0 ara d |
| 040 ## - CATALOGING SOURCE | |
| Original cataloging agency | EG-GiCUC |
| Language of cataloging | ara |
| Transcribing agency | EG-GiCUC |
| 050 #4 - LIBRARY OF CONGRESS CALL NUMBER | |
| Classification number | PJ6145. |
| Item number | D3 1988 |
| 092 04 - LOCALLY ASSIGNED DEWEY CALL NUMBER (OCLC) | |
| Classification number | 415.5 |
| Item number | D129 1991 |
| Edition number | 21 |
| 099 ## - LOCAL FREE-TEXT CALL NUMBER (OCLC) | |
| Classification number | 04 |
| -- | 415.5 D129 1991 |
| 100 1# - MAIN ENTRY--PERSONAL NAME | |
| Personal name | الدحداح : انطوان |
| 245 10 - TITLE STATEMENT | |
| Title | معجم تصريف الافعال العربية / |
| Statement of responsibility, etc. | انطوان الدحداح ؛ راجعة جورج مترى عبد المسيح |
| 260 ## - PUBLICATION, DISTRIBUTION, ETC. | |
| Place of publication, distribution, etc. | بيروت : لبنان : |
| Name of publisher, distributor, etc. | مكتبة لبنان : |
| Date of publication, distribution, etc. | 1991 |
| 300 ## - PHYSICAL DESCRIPTION | |
| Extent | 522ص ؛ |
| Dimensions | 28سم |
| 500 ## - GENERAL NOTE | |
| General note | فى رأس العنوان : موسوعة الدحداح فى علم العربية |
| 504 ## - BIBLIOGRAPHY, ETC. NOTE | |
| Bibliography, etc. note | يشتمل على ارجاعات ببليوجرافية : (ص518-519) و كشافات |
| 650 #7 - SUBJECT ADDED ENTRY--TOPICAL TERM | |
| Topical term or geographic name entry element | اللغة العربية |
| General subdivision | الصرف |
| Form subdivision | معاجم |
| Source of heading or term | qrmak |
| 902 ## - LOCAL DATA ELEMENT B, LDB (RLIN) | |
| No. of Items | 1 |
| 905 ## - LOCAL DATA ELEMENT E, LDE (RLIN) | |
| Cataloger | امنية |
| Reviser | مدخل |
| 942 ## - ADDED ENTRY ELEMENTS (KOHA) | |
| Source of classification or shelving scheme | Dewey Decimal Classification |
| Koha item type | Reference |
| Source of classification or shelving scheme | Not for loan | Home library | Current library | Date acquired | Full call number | Barcode | Date last seen | Copy number | Koha item type |
|---|---|---|---|---|---|---|---|---|---|
| Dewey Decimal Classification | المكتبة المركزبة الجديدة - جامعة القاهرة | قاعة المراجع - الدور الثاني | 11.02.2024 | 415.5 D129 1991 Ref. | 01000100097977000 | 23.09.2023 | C.1 | Reference |